000 00881nam a22001937a 4500
999 _c62637
_d62637
003 Ge_BSU
005 20241225114910.0
008 241225s1973 ge ||||| |||| 00| 0 geo d
041 _ageo
080 _a616.6(479.22)(092) ო-91
100 _aოჩიგავა, თამარ
_924027
245 _aალექსანდრე გზირიშვილი :
_bცხოვრება და მოღვაწეობა /
_cთამარ ოჩიგავა.
264 _aთბილისი :
_bმეცნიერება,
_c1973.
300 _a114 გვ. :
_bპორტრ., ფოტ. ;
_c 21 სმ.
520 _aრეზიუმე რუსულ ენაზე.
653 _aგზირიშვილი, ალექსანდრე
653 _aქართველი უროლოგები
942 _2udc
_cᲬᲘᲒᲜᲘ